[Event "Roncana op-A 13th"]
[Site "Santa Eulalia de Roncana"]
[Date "2019.10.12"]
[Round "3"]
[White "Rojano Alfonso, Carlos"]
[Black "Soler Colomer, Valenti"]
[Result "1/2-1/2"]
[WhiteElo "2210"]
[BlackElo "2010"]
[PlyCount "50"]
[EventDate "2019.09.28"]
[EventType "swiss"]
[EventRounds "8"]
[EventCountry "ESP"]
[SourceTitle "CBM 193 Extra"]
[Source "ChessBase"]
[SourceDate "2020.01.31"]
[SourceVersion "1"]
[SourceVersionDate "2020.01.31"]
[SourceQuality "1"]

1. f4 g6 2. Nf3 d5 3. e3 Bg7 4. d3 Nc6 5. Be2 e5 6. fxe5 Nxe5 7. 0-0 Ne7 8. Nxe5 Bxe5 9. Bf3 0-0 10. e4 Qd6 11. h3 Qb6+ 12. Kh1 Bxb2 13. Bxb2 Qxb2 14. Nd2 c6 15. Re1 Qf6 16. Qe2 Be6 17. Rab1 b6 18. g4 Qh4 19. Qh2 Rad8 20. e5 Kg7 21. Re2 d4 22. Be4 Nd5 23. Nf3 Qh6 24. Rf2 c5 25. Re1 Kg8 1/2-1/2

[Event "Vall del Tenes op 6th"]
[Site "Santa Eulalia de Roncana"]
[Date "2017.06.16"]
[Round "8"]
[White "Mas Recorda, Pere"]
[Black "Soler Colomer, Valenti"]
[Result "1-0"]
[WhiteElo "1968"]
[BlackElo "2016"]
[PlyCount "42"]
[EventDate "2017.04.21"]
[EventType "swiss"]
[EventRounds "8"]
[EventCountry "ESP"]
[SourceTitle "CBM 189 Extra"]
[Source "ChessBase"]
[SourceDate "2019.06.03"]
[SourceVersion "1"]
[SourceVersionDate "2019.06.03"]
[SourceQuality "1"]

1. d4 f5 2. Bg5 h6 3. Bh4 g5 4. Bg3 Nf6 5. e3 d6 6. h4 g4 7. Bd3 e6 8. Nc3 Nc6 9. Nge2 Qe7 10. e4 fxe4 11. Nxe4 Bd7 12. Qd2 0-0-0 13. 0-0-0 Nxe4 14. Bxe4 d5 15. Bd3 e5 16. dxe5 Nxe5 17. Rhe1 Nxd3+ 18. Qxd3 c6 19. Qd4 b6 20. Nc3 Qf7 21. Qe5 Kb7 1-0

[Event "Llinars del Valles op-A 7th"]
[Site "Llinars del Valles"]
[Date "2013.05.25"]
[Round "6"]
[White "Veciana Coronado, Pau"]
[Black "Soler Colomer, Valenti"]
[Result "0-1"]
[WhiteElo "1893"]
[BlackElo "2002"]
[PlyCount "88"]
[EventDate "2013.04.13"]
[EventType "swiss"]
[EventRounds "7"]
[EventCountry "ESP"]
[SourceTitle "EXT 2014"]
[Source "ChessBase"]
[SourceDate "2013.11.20"]
[SourceVersion "1"]
[SourceVersionDate "2013.11.20"]
[SourceQuality "1"]

1. e4 e6 2. d3 d5 3. Nd2 c5 4. Ngf3 Nc6 5. g3 Bd6 6. Bg2 Nge7 7. 0-0 Qc7 8. Re1 0-0 9. c3 Bd7 10. Qe2 f6 11. Bh3 d4 12. Nc4 e5 13. Bg2 b5 14. Nxd6 Qxd6 15. Nd2 Be6 16. Nb3 a5 17. cxd4 cxd4 18. Bd2 a4 19. Nc1 Nb4 20. Bxb4 Qxb4 21. a3 Qd6 22. Qd2 Nc6 23. Bf3 Na5 24. Bd1 Rfc8 25. f4 Rc7 26. fxe5 fxe5 27. Rf1 h6 28. Rf2 Bb3 29. Rb1 Rac8 30. Bg4 Ra8 31. Nxb3 Nxb3 32. Qd1 Rf8 33. Rc2 Rcf7 34. Re2 Nc5 35. Rc1 Nb3 36. Rcc2 g6 37. Qe1 h5 38. Bh3 Rf3 39. Qd1 Nc5 40. Rcd2 Qf6 41. Bg2 Re3 42. Rf2 Qe7 43. Rc2 Rxf2 44. Kxf2 Nxd3+ 0-1

[Event "Vall del Tenes op 2nd"]
[Site "Vall del Tenes"]
[Date "2013.05.10"]
[Round "5"]
[White "Soler Colomer, Valenti"]
[Black "Nunez Ortiz, Damia"]
[Result "1-0"]
[WhiteElo "2002"]
[BlackElo "1669"]
[PlyCount "102"]
[EventDate "2013.04.05"]
[EventType "swiss"]
[EventRounds "8"]
[EventCountry "ESP"]
[SourceTitle "EXT 2014"]
[Source "ChessBase"]
[SourceDate "2013.11.20"]
[SourceVersion "1"]
[SourceVersionDate "2013.11.20"]
[SourceQuality "1"]

1. d4 Nf6 2. c4 c5 3. e3 g6 4. Nc3 Bg7 5. Nf3 cxd4 6. exd4 d5 7. Qb3 dxc4 8. Bxc4 0-0 9. d5 a6 10. a4 Qd6 11. h3 Nbd7 12. Be3 b6 13. 0-0 Nc5 14. Qa3 Rb8 15. Rfd1 Nce4 16. Qa2 Nxc3 17. bxc3 Ne4 18. Bd4 Nxc3 19. Bxc3 Bxc3 20. Rac1 Bb4 21. Qe2 Ra8 22. Qe3 Kg7 23. Ng5 Bc5 24. Qc3+ Kg8 25. Ne4 Qf4 26. Nxc5 bxc5 27. Qa5 Rb8 28. Qxc5 Qd6 29. Qxd6 exd6 30. Rb1 Bd7 31. a5 Bb5 32. Bxb5 Rxb5 33. Rxb5 axb5 34. Rb1 Rb8 35. Rb4 Kg7 36. f4 Kf6 37. Kf2 g5 38. Kf3 h5 39. g3 Rb7 40. fxg5+ Ke5 41. h4 Kxd5 42. a6 Rb6 43. a7 Ra6 44. Rxb5+ Kc6 45. Rf5 Rxa7 46. Rf6 Kc5 47. Rh6 Re7 48. Rxh5 Kc4 49. Rh8 d5 50. Rd8 d4 51. h5 f6 1-0

[Event "Llinars del Valles op-A 7th"]
[Site "Llinars del Valles"]
[Date "2013.05.04"]
[Round "4"]
[White "Garcia Cano, Antonio"]
[Black "Soler Colomer, Valenti"]
[Result "1-0"]
[WhiteElo "2259"]
[BlackElo "2002"]
[PlyCount "85"]
[EventDate "2013.04.13"]
[EventType "swiss"]
[EventRounds "7"]
[EventCountry "ESP"]
[SourceTitle "EXT 2014"]
[Source "ChessBase"]
[SourceDate "2013.11.20"]
[SourceVersion "1"]
[SourceVersionDate "2013.11.20"]
[SourceQuality "1"]

1. Nf3 d5 2. g3 c5 3. Bg2 Nc6 4. d4 cxd4 5. Nxd4 e5 6. Nxc6 bxc6 7. 0-0 Be6 8. c4 Qd7 9. Qa4 Rc8 10. cxd5 cxd5 11. Qxd7+ Kxd7 12. Rd1 Ke8 13. Nc3 d4 14. Nb5 Bc4 15. Nxa7 Rc7 16. Nc6 Bxe2 17. Re1 d3 18. Nxe5 Bb4 19. Nxd3 Bxe1 20. Nxe1 Ne7 21. a4 Nc6 22. Nc2 Bd3 23. Bf4 Rc8 24. Bxc6+ Rxc6 25. Nb4 Be4 26. Nxc6 Bxc6 27. b4 Kd7 28. b5 Bf3 29. Ra3 Be4 30. f3 Bd5 31. Kf2 f6 32. Ke3 g5 33. Kd4 Ba8 34. Bd2 Rc8 35. Bb4 Rc1 36. Re3 h5 37. a5 Rd1+ 38. Kc4 Rc1+ 39. Bc3 f5 40. a6 f4 41. Rd3+ Kc7 42. gxf4 gxf4 43. Kc5 1-0

[Event "Vall del Tenes op 2nd"]
[Site "Vall del Tenes"]
[Date "2013.05.03"]
[Round "4"]
[White "Soler Colomer, Valenti"]
[Black "Cordomi Fons, Francesco"]
[Result "0-1"]
[WhiteElo "2002"]
[BlackElo "1832"]
[PlyCount "106"]
[EventDate "2013.04.05"]
[EventType "swiss"]
[EventRounds "8"]
[EventCountry "ESP"]
[SourceTitle "EXT 2014"]
[Source "ChessBase"]
[SourceDate "2013.11.20"]
[SourceVersion "1"]
[SourceVersionDate "2013.11.20"]
[SourceQuality "1"]

1. d4 d5 2. c4 c6 3. Nf3 Nf6 4. e3 g6 5. Nc3 Bg7 6. Bd3 0-0 7. 0-0 Nbd7 8. cxd5 cxd5 9. Qb3 Nb6 10. a4 a5 11. Bd2 Be6 12. Rfc1 Ne4 13. Be1 Nd6 14. Nd2 Rc8 15. Rc2 Nbc4 16. Rac1 Qd7 17. Nxd5 Nxd2 18. Bxd2 Rxc2 19. Rxc2 Nf5 20. Bc4 Bxd4 21. g4 Nd6 22. Nxe7+ Qxe7 23. Bxe6 Be5 24. Bd5 Qh4 25. f4 Qxg4+ 26. Bg2 Qd1+ 27. Kf2 Bf6 28. Bf3 Bh4+ 29. Kg2 Qb1 30. Bxa5 Nf5 31. Bd2 Be1 32. Rc1 Nh4+ 33. Kf1 Nxf3 34. Rxb1 Nxd2+ 35. Kxe1 Nxb3 36. Rd1 Re8 37. Kf2 Nc5 38. a5 Nb3 39. Rd5 Ra8 40. Rb5 Nxa5 41. b4 Nc6 42. Rxb7 Rb8 43. Rxb8+ Nxb8 44. e4 Kf8 45. Ke3 Ke7 46. Kd4 Kd6 47. b5 f6 48. h4 Nd7 49. Ke3 Kc5 50. Kf3 Kxb5 51. h5 Kc5 52. hxg6 hxg6 53. Kg4 Kd4 0-1

[Event "Llinars del Valles op-A 6th"]
[Site "Llinars del Valles"]
[Date "2012.05.05"]
[Round "4"]
[White "Castrillon Otero, Javier"]
[Black "Soler Colomer, Valenti"]
[Result "0-1"]
[WhiteElo "1919"]
[BlackElo "2023"]
[PlyCount "70"]
[EventDate "2012.04.14"]
[EventType "swiss"]
[EventRounds "9"]
[EventCountry "ESP"]
[SourceTitle "EXT 2013"]
[Source "ChessBase"]
[SourceDate "2012.11.22"]
[SourceVersion "1"]
[SourceVersionDate "2012.11.22"]
[SourceQuality "1"]

1. d4 f5 2. e4 fxe4 3. Nc3 Nf6 4. Bg5 c6 5. f3 d5 6. fxe4 dxe4 7. Bxf6 exf6 8. Nxe4 Bf5 9. Ng3 Bg6 10. Bc4 Qe7+ 11. Kf2 Nd7 12. Nf3 0-0-0 13. Re1 Qb4 14. b3 Bd6 15. a3 Qb6 16. Ne4 Bc7 17. Bd3 Ne5 18. c4 Nxd3+ 19. Qxd3 Rhe8 20. b4 Be5 21. c5 Qc7 22. Nxe5 fxe5 23. Nd6+ Qxd6 24. cxd6 Bxd3 25. dxe5 Kd7 26. Rad1 Bc4 27. Rc1 Bd5 28. b5 Rf8+ 29. Kg3 Ke6 30. bxc6 bxc6 31. Rb1 Rb8 32. a4 Rxb1 33. Rxb1 Kxe5 34. Rb7 Kxd6 35. Rxa7 Rf7 0-1

[Event "Llinars del Valles op-A 6th"]
[Site "Llinars del Valles"]
[Date "2012.04.21"]
[Round "2"]
[White "Ros Bosch, Carles"]
[Black "Soler Colomer, Valenti"]
[Result "0-1"]
[WhiteElo "1878"]
[BlackElo "2023"]
[PlyCount "60"]
[EventDate "2012.04.14"]
[EventType "swiss"]
[EventRounds "9"]
[EventCountry "ESP"]
[SourceTitle "EXT 2013"]
[Source "ChessBase"]
[SourceDate "2012.11.22"]
[SourceVersion "1"]
[SourceVersionDate "2012.11.22"]
[SourceQuality "1"]

1. d4 f5 2. e4 fxe4 3. Nc3 Nf6 4. Bg5 Nc6 5. d5 Ne5 6. Qe2 c6 7. 0-0-0 Nxd5 8. Nxd5 Nf7 9. Nf4 Nxg5 10. Qh5+ Nf7 11. Bc4 d5 12. Nxd5 e6 13. Nf4 Qg5 14. Qxg5 Nxg5 15. h4 e5 16. hxg5 exf4 17. g6 Bf5 18. Bf7+ Ke7 19. Ne2 Kf6 20. Nxf4 Bc5 21. Nh5+ Ke7 22. Nxg7 Bxg6 23. Bxg6 hxg6 24. Rhe1 e3 25. b4 Bb6 26. c4 Kf6 27. Rd7 exf2 28. Rf1 Be3+ 29. Kc2 Rad8 30. Rd3 Bd4 0-1

[Event "Roncana op-A 5th"]
[Site "Santa Eulalia de Roncana"]
[Date "2011.10.22"]
[Round "4"]
[White "Gonzalez Edo, David"]
[Black "Soler Colomer, Valenti"]
[Result "0-1"]
[WhiteElo "1769"]
[BlackElo "2013"]
[PlyCount "70"]
[EventDate "2011.10.01"]
[EventType "swiss"]
[EventRounds "8"]
[EventCountry "ESP"]
[SourceTitle "EXT 2013"]
[Source "ChessBase"]
[SourceDate "2012.11.22"]
[SourceVersion "1"]
[SourceVersionDate "2012.11.22"]
[SourceQuality "1"]

1. d4 f5 2. Bg5 g6 3. e3 Bg7 4. Nf3 Nf6 5. Bxf6 Bxf6 6. Bd3 d6 7. Qe2 Nc6 8. c3 0-0 9. Nbd2 e5 10. dxe5 dxe5 11. Bc4+ Kh8 12. 0-0-0 Qe7 13. h4 e4 14. Ng5 Ne5 15. Bb3 h5 16. f4 Ng4 17. Nf1 Bxg5 18. hxg5 Be6 19. Nh2 Bxb3 20. axb3 Nxh2 21. Rxh2 Rad8 22. Rxd8 Rxd8 23. g4 fxg4 24. Qxg4 Kg7 25. Qg3 Qe6 26. Kc2 Qd6 27. Qe1 Qd3+ 28. Kc1 Rd6 29. Rd2 Qa6 30. Kc2 Rd3 31. Qe2 h4 32. c4 Qd6 33. Qg4 Rxd2+ 34. Kc3 Rd3+ 35. Kc2 Qb4 0-1

[Event "Roncana op-A 5th"]
[Site "Santa Eulalia de Roncana"]
[Date "2011.10.15"]
[Round "3"]
[White "Soler Colomer, Valenti"]
[Black "Ortega Serra, Marc"]
[Result "0-1"]
[WhiteElo "2013"]
[BlackElo "2234"]
[PlyCount "90"]
[EventDate "2011.10.01"]
[EventType "swiss"]
[EventRounds "8"]
[EventCountry "ESP"]
[SourceTitle "EXT 2013"]
[Source "ChessBase"]
[SourceDate "2012.11.22"]
[SourceVersion "1"]
[SourceVersionDate "2012.11.22"]
[SourceQuality "1"]

1. d4 Nf6 2. c4 e6 3. Nc3 Bb4 4. f3 d5 5. a3 Bxc3+ 6. bxc3 c5 7. cxd5 exd5 8. e3 Qc7 9. Ne2 0-0 10. g4 Re8 11. Bg2 cxd4 12. cxd4 Nc6 13. 0-0 h6 14. Ng3 Na5 15. Ra2 Bd7 16. a4 Rac8 17. Nf5 Qc4 18. Ra3 Bxf5 19. gxf5 Qc2 20. Bd2 Qxd1 21. Rxd1 Nc4 22. Rb3 b6 23. Kf2 Nd6 24. Rb2 Rc4 25. a5 bxa5 26. Ra2 Nxf5 27. Bf1 Rc7 28. Bh3 Nd6 29. Bxa5 Rb7 30. Bf1 Nf5 31. Bd2 Rb3 32. Re1 Re7 33. Bh3 Nd6 34. Bf1 g5 35. Be2 g4 36. Rg1 Kh8 37. Bd1 Rb1 38. Ra6 gxf3 39. Kxf3 Nfe4 40. Ba5 Rb2 41. Be2 Re6 42. Bd8 Nd2+ 43. Kf4 Re4+ 44. Kg3 Rxe3+ 45. Kf2 Re6 0-1

[Event "Llinars del Valles op-A 5th"]
[Site "Llinars del Valles"]
[Date "2011.06.04"]
[Round "7"]
[White "Shatko, Danil"]
[Black "Soler Colomer, Valenti"]
[Result "1/2-1/2"]
[WhiteElo "2049"]
[BlackElo "1981"]
[PlyCount "69"]
[EventDate "2011.04.30"]
[EventType "swiss"]
[EventRounds "7"]
[EventCountry "ESP"]
[SourceTitle "EXT 2012"]
[Source "ChessBase"]
[SourceDate "2011.11.24"]
[SourceVersion "1"]
[SourceVersionDate "2011.11.24"]
[SourceQuality "1"]

1. d4 f5 2. Bg5 h6 3. Bh4 g5 4. Bg3 Nf6 5. e3 Bg7 6. c4 d6 7. Bd3 Nc6 8. Nc3 Nb4 9. Qe2 Nxd3+ 10. Qxd3 e6 11. 0-0-0 Qe7 12. h4 Bd7 13. hxg5 hxg5 14. Rxh8+ Bxh8 15. f3 0-0-0 16. e4 Nh5 17. Nge2 Nxg3 18. Nxg3 f4 19. Nf1 Qh7 20. Qe2 Bg7 21. Qd2 Qh5 22. Nb5 Bxb5 23. cxb5 g4 24. fxg4 Qxb5 25. Nh2 Qg5 26. Kb1 Rh8 27. Nf3 Qxg4 28. Rc1 Qg6 29. Qa5 Qxe4+ 30. Ka1 c6 31. Qxa7 Kc7 32. Qa5+ Kb8 33. Qb4 Kc7 34. Qa5+ Kb8 35. Qb4 1/2-1/2

[Event "Llinars del Valles op-A 5th"]
[Site "Llinars del Valles"]
[Date "2011.05.21"]
[Round "4"]
[White "Norte Garcia, Andrea"]
[Black "Soler Colomer, Valenti"]
[Result "1/2-1/2"]
[WhiteElo "1935"]
[BlackElo "1981"]
[PlyCount "116"]
[EventDate "2011.04.30"]
[EventType "swiss"]
[EventRounds "7"]
[EventCountry "ESP"]
[SourceTitle "EXT 2012"]
[Source "ChessBase"]
[SourceDate "2011.11.24"]
[SourceVersion "1"]
[SourceVersionDate "2011.11.24"]
[SourceQuality "1"]

1. e4 e6 2. d4 d5 3. Nc3 Nf6 4. e5 Nfd7 5. Nf3 c5 6. dxc5 Nc6 7. Bf4 Bxc5 8. Bd3 f6 9. exf6 Qxf6 10. Bg5 Qf7 11. Qe2 h6 12. Bd2 Nb4 13. 0-0 Nxd3 14. Qxd3 0-0 15. Rae1 b6 16. Nb5 a5 17. c4 dxc4 18. Qe4 Rb8 19. Qxc4 Ba6 20. a4 Rbe8 21. Qg4 Qf5 22. Qg3 Kh7 23. Bc3 Re7 24. Nh4 Qf7 25. Qd3+ g6 26. Nf3 Qf5 27. Qxf5 exf5 28. Rxe7+ Bxe7 29. Re1 Bc5 30. Bd4 Rf7 31. Re6 Re7 32. Rxe7+ Bxe7 33. Nc3 Bc4 34. Nd2 Be6 35. Kf1 Bc5 36. Bxc5 Nxc5 37. Ke2 Kg7 38. Ke3 Kf7 39. Kd4 Nb3+ 40. Nxb3 Bxb3 41. Ke5 Ke7 42. Nd5+ Kd7 43. Nc3 Bc2 44. Nd5 Kc6 45. Ne7+ Kc5 46. Nxg6 Kb4 47. Ne7 Kxa4 48. Nxf5 Kb3 49. Ne3 a4 50. Nxc2 Kxc2 51. f4 Kxb2 52. f5 a3 53. f6 a2 54. f7 a1Q 55. f8Q Qe1+ 56. Kd5 Qd2+ 57. Kc6 Qxg2+ 58. Kxb6 Qxh2 1/2-1/2

[Event "Roncana op 4th"]
[Site "Santa Eulalia de Roncana"]
[Date "2010.10.16"]
[Round "3"]
[White "Gonzalez Edo, David"]
[Black "Soler Colomer, Valenti"]
[Result "0-1"]
[WhiteElo "1657"]
[BlackElo "1993"]
[PlyCount "52"]
[EventDate "2010.10.02"]
[EventType "swiss"]
[EventRounds "9"]
[EventCountry "ESP"]
[SourceTitle "EXT 2012"]
[Source "ChessBase"]
[SourceDate "2011.11.24"]
[SourceVersion "1"]
[SourceVersionDate "2011.11.24"]
[SourceQuality "1"]

1. d4 f5 2. Nf3 Nf6 3. Bg5 Ne4 4. h4 g6 5. Nbd2 Bg7 6. e3 c5 7. c3 Nc6 8. Bd3 d5 9. Bb5 Qb6 10. Bxc6+ bxc6 11. Rb1 Ba6 12. Nxe4 fxe4 13. dxc5 Qxc5 14. Nd4 Rb8 15. Qd2 Qd6 16. Bf4 e5 17. Bg3 Qd7 18. Nb3 Qd6 19. Nc1 Qe6 20. Ne2 Qg4 21. Kf1 0-0 22. Re1 Qxg3 23. Kg1 Qxf2+ 24. Kh2 Qxh4+ 25. Kg1 Qf2+ 26. Kh2 Bh6 0-1

[Event "Roncana op 4th"]
[Site "Santa Eulalia de Roncana"]
[Date "2010.10.09"]
[Round "2"]
[White "Soler Colomer, Valenti"]
[Black "Exojo Lozano, Angel"]
[Result "1-0"]
[WhiteElo "1993"]
[BlackElo "1712"]
[PlyCount "111"]
[EventDate "2010.10.02"]
[EventType "swiss"]
[EventRounds "9"]
[EventCountry "ESP"]
[SourceTitle "EXT 2012"]
[Source "ChessBase"]
[SourceDate "2011.11.24"]
[SourceVersion "1"]
[SourceVersionDate "2011.11.24"]
[SourceQuality "1"]

1. d4 Nf6 2. c4 g6 3. Nc3 Bg7 4. e4 0-0 5. Be2 d6 6. Nf3 Nbd7 7. 0-0 c5 8. Rb1 a5 9. Re1 cxd4 10. Nxd4 Nc5 11. f3 Qb6 12. Be3 Nfd7 13. Nd5 Qd8 14. Bg5 f6 15. Be3 b6 16. Nc6 Qe8 17. Ndxe7+ Kh8 18. Qxd6 Bb7 19. Red1 Bxc6 20. Nxc6 f5 21. Bd4 fxe4 22. Bxg7+ Kxg7 23. Qd4+ Nf6 24. Ne5 exf3 25. Bxf3 Rd8 26. Qxd8 Qxd8 27. Rxd8 Rxd8 28. Rd1 Rxd1+ 29. Bxd1 Nfe4 30. Bc2 Nd6 31. b3 Kf6 32. Nf3 h6 33. Kf2 Nf5 34. g4 Nd6 35. Ke3 Ne6 36. Nd4 g5 37. Nxe6 Kxe6 38. Kd4 Nb7 39. a3 Nc5 40. b4 axb4 41. axb4 Na6 42. c5 Nxb4 43. Bf5+ Ke7 44. cxb6 Kd6 45. Be4 Na6 46. Bb7 Nb8 47. Bc8 Nc6+ 48. Ke4 Ke7 49. Kf5 Kf7 50. b7 Nb8 51. Be6+ Kg7 52. Bd5 Na6 53. Bc4 Nb8 54. Bb5 Kf7 55. h3 Kf8 56. Kg6 1-0

[Event "Roncana op 4th"]
[Site "Santa Eulalia de Roncana"]
[Date "2010.10.02"]
[Round "1"]
[White "Garriga Cazorla, Pere"]
[Black "Soler Colomer, Valenti"]
[Result "1-0"]
[WhiteElo "1681"]
[BlackElo "1993"]
[PlyCount "113"]
[EventDate "2010.10.02"]
[EventType "swiss"]
[EventRounds "9"]
[EventCountry "ESP"]
[SourceTitle "EXT 2012"]
[Source "ChessBase"]
[SourceDate "2011.11.24"]
[SourceVersion "1"]
[SourceVersionDate "2011.11.24"]
[SourceQuality "1"]

1. d4 f5 2. Bg5 c5 3. d5 Qb6 4. Nc3 Qxb2 5. Bd2 Qb6 6. Rb1 Qd8 7. e4 e6 8. exf5 exf5 9. Nh3 Nf6 10. Bd3 Qe7+ 11. Kf1 g6 12. Qf3 Kf7 13. Re1 Qd8 14. Bf4 d6 15. Ng5+ Kg7 16. Ne6+ Bxe6 17. dxe6 Nc6 18. Bc4 Be7 19. h4 h5 20. Rd1 a6 21. Bd5 Nd4 22. Qg3 Rb8 23. Bf3 b5 24. Nd5 Nxd5 25. Bxd5 b4 26. Qd3 Rb6 27. g3 Re8 28. Bd2 Kh7 29. c3 bxc3 30. Bxc3 Bf6 31. Ba5 Qb8 32. Bxb6 Qxb6 33. Kg2 Re7 34. Rb1 Qa5 35. Qc4 Nb5 36. a4 Na3 37. Qf4 Nxb1 38. Rxb1 Qd8 39. Qc4 Ra7 40. Bf3 Kg7 41. Qd5 Qc7 42. Be2 Kh6 43. Bc4 Be5 44. Qd2+ Kg7 45. Qd5 Bd4 46. Bxa6 Kf6 47. Bb5 Qb6 48. Bd3 Qc7 49. Bc2 Qe7 50. Rb6 Be5 51. f4 Bd4 52. Rxd6 Qb7 53. Bb3 Qxd5+ 54. Bxd5 Rxa4 55. Rd7 g5 56. hxg5+ Kg6 57. e7 1-0

[Event "Roncana Tancats-chT 1st"]
[Site "Santa Eulalia de Roncana"]
[Date "2009.06.18"]
[Round "9"]
[White "Soler Colomer, Valenti"]
[Black "Garcia Marin, Guillem"]
[Result "0-1"]
[WhiteElo "2097"]
[BlackElo "2102"]
[PlyCount "58"]
[EventDate "2009.04.23"]
[EventType "team-swiss"]
[EventRounds "9"]
[EventCountry "ESP"]
[SourceTitle "EXT 2011"]
[Source "ChessBase"]
[SourceDate "2010.11.26"]
[SourceVersion "1"]
[SourceVersionDate "2010.11.26"]
[SourceQuality "1"]

1. d4 d6 2. c4 e5 3. Nf3 e4 4. Ng5 f5 5. Nc3 h6 6. Nh3 g5 7. e3 Nf6 8. f3 Bg7 9. Nf2 exf3 10. gxf3 c6 11. Bd3 Na6 12. a3 d5 13. Qb3 Nc7 14. Bd2 b6 15. 0-0-0 Be6 16. Rdg1 Qd7 17. h4 0-0-0 18. cxd5 Ncxd5 19. Qa4 Kb8 20. e4 fxe4 21. fxe4 Nc7 22. hxg5 hxg5 23. Rxh8 Bxh8 24. e5 Nfd5 25. Rxg5 Rf8 26. Nfe4 Nf4 27. Bxf4 Rxf4 28. Nd6 Bg7 29. Nce4 Bh6 0-1

[Event "Roncana Tancats-chT 1st"]
[Site "Santa Eulalia de Roncana"]
[Date "2009.06.11"]
[Round "8"]
[White "Turon Mora, Joan"]
[Black "Soler Colomer, Valenti"]
[Result "1/2-1/2"]
[WhiteElo "1979"]
[BlackElo "2097"]
[PlyCount "55"]
[EventDate "2009.04.23"]
[EventType "team-swiss"]
[EventRounds "9"]
[EventCountry "ESP"]
[SourceTitle "EXT 2011"]
[Source "ChessBase"]
[SourceDate "2010.11.26"]
[SourceVersion "1"]
[SourceVersionDate "2010.11.26"]
[SourceQuality "1"]

1. d4 f5 2. Nf3 Nf6 3. c4 g6 4. g3 Bg7 5. Bg2 0-0 6. 0-0 d6 7. Nc3 Nc6 8. d5 Ne5 9. Qb3 Nxf3+ 10. exf3 e5 11. dxe6 Bxe6 12. Re1 Qd7 13. f4 c6 14. a4 a5 15. Be3 Qf7 16. Bf1 Nd7 17. Rad1 Nc5 18. Qc2 Bxc4 19. Rxd6 Bb3 20. Qc1 Nd7 21. Qd2 Rfd8 22. Bb6 Bf8 23. Bxd8 Bxd6 24. Qxd6 Rxd8 25. Re7 Qf8 26. Qa3 Bf7 27. Nb1 b6 28. Qe3 1/2-1/2

[Event "Llinars del Valles op 3rd"]
[Site "Llinars del Valles"]
[Date "2009.06.06"]
[Round "7"]
[White "Jane Besora, Jaume"]
[Black "Soler Colomer, Valenti"]
[Result "0-1"]
[WhiteElo "2067"]
[BlackElo "2097"]
[PlyCount "38"]
[EventDate "2009.04.18"]
[EventType "swiss"]
[EventRounds "7"]
[EventCountry "ESP"]
[SourceTitle "EXT 2011"]
[Source "ChessBase"]
[SourceDate "2010.11.26"]
[SourceVersion "1"]
[SourceVersionDate "2010.11.26"]
[SourceQuality "1"]

1. d4 f5 2. e4 fxe4 3. Nc3 Nf6 4. Bg5 Nc6 5. Bxf6 exf6 6. d5 Ne5 7. Nxe4 f5 8. Ng3 g6 9. f4 Ng4 10. Qd2 Bc5 11. Nh3 0-0 12. Be2 Qe7 13. Nf1 Re8 14. Qd3 b6 15. Kd2 a5 16. Qf3 Bb7 17. Bc4 Qd6 18. a4 Re4 19. Bd3 Qxd5 0-1

[Event "Llinars del Valles op 3rd"]
[Site "Llinars del Valles"]
[Date "2009.05.23"]
[Round "6"]
[White "Soler Colomer, Valenti"]
[Black "Vinardell Cruanas, Sergi"]
[Result "1/2-1/2"]
[WhiteElo "2097"]
[BlackElo "1774"]
[PlyCount "81"]
[EventDate "2009.04.18"]
[EventType "swiss"]
[EventRounds "7"]
[EventCountry "ESP"]
[SourceTitle "EXT 2011"]
[Source "ChessBase"]
[SourceDate "2010.11.26"]
[SourceVersion "1"]
[SourceVersionDate "2010.11.26"]
[SourceQuality "1"]

1. d4 d5 2. c4 c6 3. Nf3 Nf6 4. Nc3 dxc4 5. e3 b5 6. a4 b4 7. Ne2 e6 8. Bd2 Be7 9. Rc1 Qb6 10. Ng3 Nbd7 11. Bxc4 0-0 12. Qb3 c5 13. 0-0 Bb7 14. Ne5 Nxe5 15. dxe5 Ne4 16. Nxe4 Bxe4 17. f3 Bb7 18. Rfd1 Rad8 19. Be1 Rxd1 20. Rxd1 Rd8 21. Bg3 Rxd1+ 22. Qxd1 Qd8 23. Qxd8+ Bxd8 24. e4 Bc8 25. Bf2 Be7 26. Kf1 f6 27. exf6 gxf6 28. Ke2 Kf8 29. Kd3 e5 30. b3 a5 31. Be3 Kg7 32. f4 h6 33. f5 Kh7 34. g3 Kg7 35. Bb5 Bb7 36. Kc4 Bxe4 37. Bxc5 Bd8 38. Bd7 Kf7 39. Be6+ Ke8 40. Bc8 Bc6 41. Be6 1/2-1/2

[Event "Llinars del Valles op 3rd"]
[Site "Llinars del Valles"]
[Date "2009.05.02"]
[Round "3"]
[White "Soler Colomer, Valenti"]
[Black "Sanchez Ibern, Marc"]
[Result "0-1"]
[WhiteElo "2097"]
[BlackElo "2215"]
[PlyCount "54"]
[EventDate "2009.04.18"]
[EventType "swiss"]
[EventRounds "7"]
[EventCountry "ESP"]
[SourceTitle "EXT 2011"]
[Source "ChessBase"]
[SourceDate "2010.11.26"]
[SourceVersion "1"]
[SourceVersionDate "2010.11.26"]
[SourceQuality "1"]

1. d4 Nf6 2. c4 g6 3. Nc3 d5 4. Bf4 Bg7 5. e3 c5 6. dxc5 Qa5 7. Rc1 dxc4 8. Bxc4 0-0 9. Nge2 Qxc5 10. Qb3 Nc6 11. Nb5 Qb6 12. Bc7 Qa6 13. 0-0 Na5 14. Bxa5 Qxa5 15. Rfd1 Bd7 16. Nbd4 Rac8 17. Nc3 a6 18. a4 e5 19. Nde2 Bc6 20. Ng3 Rc7 21. Rd2 b5 22. axb5 axb5 23. Bf1 b4 24. Nb5 Bxb5 25. Rxc7 Bxf1 26. Re7 Qc5 27. Rb7 Qc6 0-1

[Event "Roncana Tancats-chT 1st"]
[Site "Santa Eulalia de Roncana"]
[Date "2009.04.30"]
[Round "2"]
[White "Soler Colomer, Valenti"]
[Black "Molano Lafuente, Ismael"]
[Result "0-1"]
[WhiteElo "2097"]
[BlackElo "2082"]
[PlyCount "94"]
[EventDate "2009.04.23"]
[EventType "team-swiss"]
[EventRounds "9"]
[EventCountry "ESP"]
[SourceTitle "EXT 2011"]
[Source "ChessBase"]
[SourceDate "2010.11.26"]
[SourceVersion "1"]
[SourceVersionDate "2010.11.26"]
[SourceQuality "1"]

1. d4 Nf6 2. c4 Nc6 3. Nf3 e6 4. a3 d6 5. Bg5 h6 6. Bh4 g5 7. Bg3 Ne4 8. e3 Bg7 9. Bd3 Nxg3 10. hxg3 e5 11. d5 Ne7 12. Nc3 f5 13. Nxg5 hxg5 14. Rxh8+ Bxh8 15. Qh5+ Kd7 16. e4 Bf6 17. 0-0-0 f4 18. Rh1 Qf8 19. c5 a6 20. cxd6 cxd6 21. Na4 Kd8 22. Nb6 Rb8 23. Nc4 Ng8 24. Qg6 Bd7 25. Rh7 Kc7 26. Rf7 Qd8 27. Be2 Rc8 28. Kb1 Be7 29. Rg7 b5 30. Na5 Kb6 31. Nc6 Bxc6 32. dxc6 Kxc6 33. Bg4 Rb8 34. Qe6 Nf6 35. Rxe7 Nxg4 36. Qd5+ Kb6 37. Re6 Kc7 38. Rg6 fxg3 39. Rg7+ Kb6 40. Rg6 Kc7 41. f3 Ne3 42. Qd2 Nc4 43. Qe1 Rc8 44. b3 Nb6 45. Qa5 Kb7 46. Qe1 Qe7 47. Qxg3 Qf7 0-1